Egregiously Drawn Flags #4 - Statistics

General Stats
  • This quiz has been taken 59 times
  • The average score is 9 of 10
Answer Stats
Picture Answer % Correct
Czech Republic
98%
Sweden
98%
Georgia
96%
Indonesia
96%
Morocco
96%
Qatar
96%
Botswana
92%
Mongolia
92%
Paraguay
88%
St. Kitts and Nevis
82%
No matching quizzes found
Score Distribution
Percent of People with Each Score
Percentile by Number Answered
Your Score History
You have not taken this quiz